000 00213nam a22000977a 4500
003 SGT
245 _aJOURNAL OF SOFTWARE ENGINEERING & TECHNOLOGY (JAN- DECEMBER)
260 _c2014
300 _a146
942 _2ddc
_cBV
999 _c20375
_d20375